00493nam a22001577a 450000500170000001000150001702000260003203500140005803700090007208200100008124500960009126000570018727000520024430000220029670000170031820240718161849.0 aENG-140900 a9788192281100c400.00 aEN-124432 bDBAD a338.4 aNational Conference on Emerging Trents in Service Sectors:bMacot'11/cEdited By N Subburaj aTamil Nadu bAmman College of Arts and Sciencec2011 aPillaiyarnatham, Dindigul bTamil Nadu e624002 a236p. c29cm.(pb) aSubburaj, N